Do we have to fight about it? (Record no. 82703)

MARC details
000 -LEADER
fixed length control field 00884cab a22001935a 4500
001 - CONTROL NUMBER
control field L151048
008 - FIXED-LENGTH DATA ELEMENTS--GENERAL INFORMATION
fixed length control field 100927e20100924xxk 000 0 eng d
035 ## - SYSTEM CONTROL NUMBER
System control number (Sirsi) u151048
041 0# - LANGUAGE CODE
Language code of text/sound track or separate title eng
100 1# - MAIN ENTRY--PERSONAL NAME
Personal name McMeeken, Roxane
245 00 - TITLE STATEMENT
Title Do we have to fight about it?
Remainder of title contractors' pay is down
260 ## - PUBLICATION, DISTRIBUTION, ETC.
Date of publication, distribution, etc. 2010
490 ## - SERIES STATEMENT
Series statement Building
Volume/sequential designation 275 (8647) 24 September 2010, 32-35(4)
520 ## - SUMMARY, ETC.
Summary, etc. A look at the Hays Construction 2010 contractors' salary guide compiled for Building; drop in pay; recession; jobs and careers advice; trends; the biggest salary changes; salaries across the regions of the United Kingdom for two or more levels for quantity surveyors, planners, estimators, engineers, buyers, contract/project managers, and site managers.
590 ## - LOCAL NOTE (RLIN)
Local note KA
651 #4 - SUBJECT ADDED ENTRY--GEOGRAPHIC NAME
Geographic name United Kingdom
Chronological subdivision
690 ## - LOCAL SUBJECT ADDED ENTRY--TOPICAL TERM (OCLC, RLIN)
Topical term or geographic name as entry element CAREERS, EDUCATION AND TRAINING-SURVEYING APPOINTMENTS
942 ## - ADDED ENTRY ELEMENTS (KOHA)
Suppress in OPAC 0
Holdings
Withdrawn status Lost status Source of classification or shelving scheme Damaged status Not for loan Home library Current library Shelving location Date acquired Total Checkouts Full call number Barcode Date last seen Copy number Price effective from Koha item type
    Dewey Decimal Classification     London London Journal article 27/09/2010   L151048 151048-1001 06/08/2019 1 06/08/2019 Journal article